000 01101nji a22002897a 4500
005 20100918120917.0
006 a|||||r|||||00| 0
007 sd ammalaaahaa
008 100830t xxu||||| |||| 00| 0 eng d
028 _aIND.1030
_bCBS
035 _aGR-03478
040 _aSED
_cSED
100 _917455
_aKishore Kumar
245 _aMain awara hoon /
_csung by Kishore Kumar; music by R. D. Burman; lyrics by Anand Bakshi
_h[sound recording] :
246 _aमैं आवारा हूँ /
260 _aDum Dum, India
_bCBS
_c1983
300 _a1 sound disc [Gramophone Recording]:
_banalog, 33 1/3 rpm
_c12.5 in. (LP)
_fGramophone Record
500 _aBrief Record
500 _aRecord labels : CBS, Orange
505 _aSide-1 (Kisi bewafai ka) (Kishore Kumar) Side-2 (Main awara hoon) (Kishore Kumar and Chorus)
600 _aKishore Kumar
_920359
650 _aHindi Songs
_zIndia
_91186
_xExcerpts
700 _aBurman, R. D.
_920655
700 _aBakshi, Anand
_920656
942 _2ddc
_cGR
999 _c46723
_d46723